000 00551nam a2200241Ia 4500
003 OSt
005 20220912151945.0
006 a|||||r|||| 00| 0
007 ta
008 220909b |||||||| |||| 00| 0 eng d
024 _a63822
037 _cTextual
040 _aCSL
_beng
_cCSL
041 _aeng
082 _aB12:R1, J0
100 _aFrege G
245 0 _aFoundations of arithmetic
260 _c1950
300 _ap.
_ccm.
650 _aArithmetic
942 _hB12:R1, J0
_cTEXL
_2CC
999 _c78026
_d78026